000 00776nam a2200241 a 4500
001 13147
003 BD-RjUL
005 20211208235419.0
008 140130t1945 nyua b 001 0 eng u
035 _a(BD-RjUL)13198
040 _aDLC
_beng
_cDLC
_dBD-RjUL
041 _aeng
082 0 0 _a624.17
_216
_bTIT 1945
100 1 _aTimoshenko, Stephen,
_d1878-1972.
_939010
245 1 0 _aTheory of structures /
_cby S.P. Timoshenko [and] D.H. Young
260 _aNew York ;
_aLondon :
_bMcGraw-Hill Book Company,
_cc1945.
300 _axiv, 488 p.:
_bill. ;
_c24 cm.
504 _aBibliographical reference and index.
650 0 _aStructural analysis (Engineering)
_923678
700 1 _aYoung, Donovan Harold,
_d1904-1979.
_940955
942 _2ddc
_cBK
999 _c13147
_d13147